000 00408pab a2200157 454500
008 180718b2004 xxu||||| |||| 00| 0 eng d
100 _aKamala Prasad
245 _aPolitics, power politics and poverty of politics
260 _c2004
300 _ap.11-14.
362 _a29 May
650 _aIndia - Politics and government
650 _aPolitics and government
773 _aMainstream
909 _a60746
999 _c60746
_d60746